SmartWay fuel efficiency test protocol for medium and heavy duty vehicles : working draft /

Bibliographic Details
Corporate Author: United States. Environmental Protection Agency. Transportation and Regional Programs Division (Author)
Format: Government Document eBook
Language:English
Published: [Washington, D.C.] : United States Environmental Protection Agency, November 2007.
Subjects:
Online Access:https://purl.fdlp.gov/GPO/gpo56659

MARC

Tag First Indicator Second Indicator Subfields
LEADER 00000cam a2200000 i 4500
001 in00003532608
005 20211120173018.0
006 m o d f
007 cr cn|||||||||
008 150330e200711 dcua obt f000 0 eng c
035 |a (OCoLC)ocn905859187 
040 |a ELC  |b eng  |e rda  |e pn  |c ELC  |d OCLCO  |d GPO  |d MvI  |d UtOrBLW 
042 |a pcc 
049 |a WWW 
074 |a 0483-E-01 (online) 
086 0 |a EP 4.2:SM 2/2/DRAFT 
088 |a EPA420-P-07-003 
110 1 |a United States.  |b Environmental Protection Agency.  |b Transportation and Regional Programs Division,  |e author. 
245 1 0 |a SmartWay fuel efficiency test protocol for medium and heavy duty vehicles :  |b working draft /  |c Transportation and Regional Programs Division, Office of Transportation and Air Quality, U.S. Environmental Protection Agency. 
264 1 |a [Washington, D.C.] :  |b United States Environmental Protection Agency,  |c November 2007. 
300 |a 1 online resource (75 pages) :  |b color illustrations 
336 |a text  |b txt  |2 rdacontent 
337 |a computer  |b c  |2 rdamedia 
338 |a online resource  |b cr  |2 rdacarrier 
500 |a Title from title screen (viewed on March 30, 2015). 
500 |a "November 2007." 
500 |a "EPA420-P-07-003." 
504 |a Includes bibliographical references (pages 72-74). 
513 |a Technical report. 
610 2 0 |a SmartWay Transport Partnership Program (U.S.) 
650 0 |a Trucks  |x Motors  |x Exhaust gas  |x Standards  |z United States. 
650 0 |a Trucks  |x Fuel consumption  |x Standards  |z United States. 
650 0 |a Greenhouse gas mitigation  |z United States. 
856 4 0 |u https://purl.fdlp.gov/GPO/gpo56659  |t 0 
999 |a MARS 
999 f f |s e00abfe0-296b-37ef-8558-6a8ee4ef2e23  |i 0ec96d50-ed67-3e70-ab91-981e96fe925a  |t 0 
952 f f |a Texas A&M University  |b College Station  |c Electronic Resources  |d Available Online  |t 0  |e EP 4.2:SM 2/2/DRAFT  |h Superintendent of Documents classification 
998 f f |a EP 4.2:SM 2/2/DRAFT  |t 0  |l Available Online